Trump-style negotiation (Бичлэгийн дугаар. 145933)
| 000 -УДИРДЛАГА | |
|---|---|
| Удирдлага | 00859nam a22002777a 4500 |
| 003 - ХЯНАЛТЫН ТОО ТОДОРХОЙЛОГЧ | |
| Код | MN-UlNUM |
| 005 - БИЧИЛТ ХИЙСЭН ОГНОО | |
| Тухайн бичилтийг бичсэн засварласан сүүлийн огноо | 20251213132137.0 |
| 008 - ЕРӨНХИЙ МЭДЭЭЛЭЛ | |
| Ерөнхий мэдээлэл | 251114s2006 nju 001 0 eng d |
| 020 ## - ISBN | |
| ISBN | 0470045868 |
| -- | 9780470045862 |
| 040 ## - БИЧЛЭГ ҮҮСГЭГЧ БАЙГУУЛЛАГА | |
| Бичлэг үүсгэгч номын сангийн код | МУИС-ийн номын сан |
| 084 ## - ББК АНГИЛАЛ | |
| ББК ангилал | 65.290-2 |
| Зохиогчийн гурван тэмдэгт | R 80 |
| Нэмэлт тусгалт | Нэг сэдэвт бүтээл |
| Мэдлэгийн ялгаа | 65 - Эдийн засаг |
| 100 1# - ЗОХИОГЧ | |
| Зохиогчийн нэр | Ross, George H. |
| Зохиогчийн огноо | 1928- |
| 245 10 - ҮНДСЭН ГАРЧИГ | |
| Номын нэр | Trump-style negotiation |
| Бага гарчгийн мэдээ | Powerful strategies and tactics for mastering every deal |
| Оролцогчдын тухай мэдээ | George H. Ross |
| 260 ## - ГАРАЛТЫН МЭДЭЭ | |
| Хэвлэгдсэн газар | Hoboken, N.J. |
| Хэвлэлийн газар | John Wiley & Sons |
| Хэвлэгдсэн он | 2006 |
| 300 ## - МАТЕРИАЛЫН ТОДОРХОЙЛОЛТ | |
| хуудасны тоо | xix, 268 p. |
| Хэмжээ | 24 cm |
| 500 ## - Тайлбар | |
| Дансны дугаар | БС 5978 |
| 546 ## - ХЭЛНИЙ ТУХАЙ МЭДЭЭ | |
| Хэл | Англи хэл дээр, |
| 653 ## - Түлхүүр үг | |
| Түлхүүр үг | negotiation |
| 653 ## - Түлхүүр үг | |
| Түлхүүр үг | negotiation in business |
| 740 ## - НОМЫН ГАРЧИГ | |
| Гарчиг | What Is Negotiation...Really? |
| 740 ## - НОМЫН ГАРЧИГ | |
| Гарчиг | Keys to negotiating like Donald Trump |
| 740 ## - НОМЫН ГАРЧИГ | |
| Гарчиг | Strategies for special situations |
| 942 ## - ЭЛЕМЕНТИЙН ТӨРӨЛ | |
| Зүйлийн төрөл | Ном |
